000 00807nam a22001457a 4500
020 _a978-93-84321-13-8
082 _a823
_bKAN/G
100 _aKANAKARAGHAVAN
245 _aTHE GIFT
260 _aTHRISSUR
_bH & C PUBLISHING HOUSE
_c2022
300 _a48
520 _aWhen married couple Simon (Jason Bateman) and Robyn (Rebecca Hall) unexpectedly encounter Gordo (Joel Edgerton), an acquaintance from Simon's past, little do they know that their perfect lives will be thrown into a terrifying tailspin. At first, Simon doesn't recognize Gordo, but after a troubling series of uninvited encounters and mysterious gifts, a horrifying secret emerges. As Robyn learns what really happened between Simon and Gordo, she begins to question how well she knows her spouse.
650 _aSHORT STORY
942 _cBK
999 _c6857
_d6857